000 00408nam a2200157Ia 4500
008 210719s2000 xx 000 0 und d
041 _aeng
082 _a275.4 SOAN
100 _aSOARES (A) and others
245 _aNiyogi committee report a critical appraisal.
260 _aVaranasi.
_bSatya Manthan Sanstha.,
_c2000
300 _a72
_bPB
365 _cRs
650 _aChristianity
906 _aNiyogi
999 _c213497
_d213497